[Event "FRA-chT2 0910"]
[Site "France"]
[Date "2009.10.18"]
[Round "3.7"]
[White "Mehaibia, Azzedine"]
[Black "Ledoux, Alain"]
[Result "0-1"]
[WhiteElo "2125"]
[BlackElo "1938"]
[PlyCount "74"]
[EventDate "2009.09.27"]
[EventType "team"]
[EventRounds "11"]
[EventCountry "FRA"]
[Source "ChessBase"]
[SourceDate "2010.03.11"]

1. e4 c5 2. Nf3 d6 3. d4 cxd4 4. Nxd4 Nf6 5. Nc3 a6 6. Bg5 e6 7. f4 h6 8. Bxf6
Qxf6 9. Qd2 Nc6 10. Nf3 b5 11. O-O-O Qd8 12. g4 Be7 13. h4 Bb7 14. Bg2 Qa5 15.
Kb1 Rc8 16. g5 b4 17. Ne2 b3 18. axb3 Nb4 19. Nc3 Bxe4 20. Ne1 Bf5 21. Qd4 e5
22. fxe5 dxe5 23. Qf2 g6 24. Bh3 Bxh3 25. Rxh3 hxg5 26. h5 Rxh5 27. Rxh5 gxh5
28. Qf5 Rd8 29. Nf3 Rxd1+ 30. Nxd1 Qd5 31. Ne3 Qe6 32. Qh7 g4 33. Qh8+ Bf8 34.
Nxe5 Qh6 35. Qxh6 Bxh6 36. Nf5 Bf4 37. Nc4 g3 0-1

[Event "FRA-chT2 0910"]
[Site "France"]
[Date "2009.10.18"]
[Round "3.7"]
[White "Waquet, Frederic"]
[Black "Kieffer, Christian"]
[Result "0-1"]
[WhiteElo "1977"]
[BlackElo "2120"]
[PlyCount "214"]
[EventDate "2009.09.27"]
[EventType "team"]
[EventRounds "11"]
[EventCountry "FRA"]
[Source "ChessBase"]
[SourceDate "2010.03.11"]

1. e4 c5 2. Nf3 Nc6 3. d4 cxd4 4. Nxd4 e5 5. Nb5 d6 6. N1c3 a6 7. Na3 b5 8. Nd5
Be7 9. c3 Nf6 10. Nxf6+ Bxf6 11. Nc2 Ne7 12. a4 bxa4 13. Rxa4 O-O 14. Bc4 Bb7
15. Qd3 Qd7 16. Ra3 d5 17. O-O Qc6 18. exd5 Nxd5 19. Bxd5 Qxd5 20. Qxd5 Bxd5
21. Be3 a5 22. Bc5 Rfc8 23. b4 a4 24. Ne3 Bb3 25. Ng4 Bg5 26. Nxe5 Bd2 27. c4
Bc3 28. Nd3 Rd8 29. Nc1 Bxc4 30. Rxc3 Bxf1 31. Kxf1 a3 32. Rc2 Rd5 33. Na2 Re8
34. Be3 Rd3 35. Ke2 Rb3 36. Kd2 Rb1 37. Ke2 f5 38. g3 Rd8 39. Bc5 Rd5 40. Nc3
Rb2 41. Rxb2 axb2 42. Be3 g5 43. Bxg5 Rd4 44. Bf6 Rc4 45. Nb1 Rc1 46. Na3 b1=Q
47. Nxb1 Rxb1 48. Be7 Kf7 49. Bc5 Rb3 50. Kd2 Ke6 51. Kc2 Ra3 52. Be3 Kd5 53.
Kb2 Rd3 54. b5 Kc4 55. b6 Rb3+ 56. Kc2 Rb5 57. Kd2 Rb2+ 58. Ke1 Kd3 59. Kf1
Rb1+ 60. Kg2 Ke4 61. Bc5 h5 62. Be3 Rb5 63. h4 Rb3 64. Bc5 f4 65. gxf4 Kxf4 66.
Be3+ Kg4 67. Bg5 Rxb6 68. Bd8 Rb7 69. Bg5 Kf5 70. Bd8 Rb4 71. Kf3 Rf4+ 72. Ke3
Kg4 73. Bg5 Rf3+ 74. Ke2 Rb3 75. Bd8 Kf4 76. Bg5+ Ke4 77. Bf6 Ra3 78. Bg5 Ra2+
79. Ke1 Kf3 80. Be3 Ra1+ 81. Kd2 Rh1 82. Bg5 Kxf2 83. Bf6 Re1 84. Bd4+ Kf1 85.
Bf6 Re6 86. Bg5 Kf2 87. Kd3 Kf3 88. Kd2 Re8 89. Bf6 Re2+ 90. Kd3 Re6 91. Bg5
Rd6+ 92. Kc3 Kg3 93. Kc4 Rd1 94. Kc3 Kf3 95. Kc2 Rd4 96. Kc3 Ke4 97. Kc2 Rd7
98. Kc3 Rd5 99. Be7 Rd3+ 100. Kc4 Rd7 101. Bf6 Rc7+ 102. Kb3 Kf4 103. Bg5+ Kg3
104. Bf6 Rc1 105. Be7 Rh1 106. Kc3 Rxh4 107. Bxh4+ Kxh4 0-1

[Event "FRA-chT2 0910"]
[Site "France"]
[Date "2009.10.18"]
[Round "3.8"]
[White "Abbey, Anate"]
[Black "Mousset Evtouchenko, Nina"]
[Result "1-0"]
[WhiteElo "1660"]
[BlackElo "1755"]
[PlyCount "109"]
[EventDate "2009.09.27"]
[EventType "team"]
[EventRounds "11"]
[EventCountry "FRA"]
[Source "ChessBase"]
[SourceDate "2010.03.11"]

1. c4 Nf6 2. d4 c5 3. d5 e6 4. Nc3 exd5 5. cxd5 d6 6. g3 g6 7. Bg2 Bg7 8. Nf3
O-O 9. O-O Re8 10. Re1 a6 11. a4 Nbd7 12. Bg5 Qb6 13. Qc2 c4 14. a5 Qc7 15. Nd2
Ng4 16. h3 Ngf6 17. e4 Ne5 18. Be3 Nd3 19. Re2 Bd7 20. Bb6 Qc8 21. Kh2 Re5 22.
Nf3 Rh5 23. Ng1 Ng4+ 24. Kh1 Nge5 25. Kh2 Bg4 26. Rd2 Bh6 27. f4 Nb4 28. Qb1
Ned3 29. h4 Nxf4 30. Be3 Nxg2 31. Bxh6 Nxh4 32. gxh4 Rxh4+ 33. Kg3 Rxh6 34. Qf1
Nd3 35. Qf6 Bh5 36. Qh4 Qd8 37. Qxd8+ Rxd8 38. Rh2 Kg7 39. Nh3 Re8 40. Rah1 Re5
41. Rd2 f5 42. exf5 Rxf5 43. b3 Ne5 44. Nf4 Kf6 45. Ne4+ Ke7 46. bxc4 Nxc4 47.
Rc2 b5 48. axb6 Nxb6 49. Rc6 Nxd5 50. Nxd5+ Rxd5 51. Rxa6 Rd3+ 52. Kf4 Rd5 53.
Ra7+ Kd8 54. Ra8+ Kc7 55. Rc1+ 1-0

[Event "FRA-chT2 0910"]
[Site "France"]
[Date "2009.10.18"]
[Round "3.8"]
[White "Arimiea, Marcel"]
[Black "Robert, Diom"]
[Result "0-1"]
[WhiteElo "1737"]
[BlackElo "1630"]
[PlyCount "110"]
[EventDate "2009.09.27"]
[EventType "team"]
[EventRounds "11"]
[EventCountry "FRA"]
[Source "ChessBase"]
[SourceDate "2010.03.11"]

1. e4 c5 2. Bc4 e6 3. Nc3 Nc6 4. Nf3 Nge7 5. e5 Ng6 6. Qe2 Be7 7. Bd3 O-O 8.
Bxg6 fxg6 9. d3 b6 10. h4 Qe8 11. Ne4 Bb7 12. Bg5 Nd4 13. Nxd4 cxd4 14. c3 dxc3
15. bxc3 Bxe4 16. Qxe4 Qf7 17. f3 Rac8 18. Rc1 Ba3 19. Rc2 Qf5 20. Qe2 h6 21.
Bd2 d6 22. exd6 Bxd6 23. Rh3 Rfd8 24. c4 Qe5 25. Bc3 Qxe2+ 26. Rxe2 Bc5 27. f4
Rc6 28. Rg3 Bd4 29. Bd2 Kf7 30. Re4 Bf6 31. Rh3 Rcd6 32. Ree3 Bd4 33. Ref3 a6
34. a4 b5 35. axb5 axb5 36. g4 Ra8 37. f5 exf5 38. gxf5 gxf5 39. Rxf5+ Rf6 40.
Rxf6+ Bxf6 41. c5 Ra1+ 42. Ke2 Ra2 43. Ke1 Ke6 44. Bf4 Kd5 45. Bd6 b4 46. Re3
b3 47. d4 Ra1+ 48. Ke2 b2 49. Be7 b1=Q 50. Bxf6 Qe1+ 51. Kf3 Qf1+ 52. Kg4 Qxf6
53. Re5+ Kxd4 54. c6 Rg1+ 55. Kh3 Qf3+ 0-1

[Event "FRA-chT2 0910"]
[Site "France"]
[Date "2009.10.18"]
[Round "3.8"]
[White "Bensaid, Alexandre"]
[Black "Barakoff, Annie"]
[Result "1-0"]
[WhiteElo "1909"]
[BlackElo "1553"]
[PlyCount "105"]
[EventDate "2009.09.27"]
[EventType "team"]
[EventRounds "11"]
[EventCountry "FRA"]
[Source "ChessBase"]
[SourceDate "2010.03.11"]

1. e4 c5 2. Nf3 d6 3. d4 cxd4 4. Nxd4 Nc6 5. c4 Nf6 6. Nc3 g6 7. Be2 Bg7 8. Be3
O-O 9. O-O Bd7 10. Nc2 a6 11. f3 Qc7 12. Qd2 Ne5 13. Na3 Bc6 14. Rac1 Rad8 15.
b4 Qb8 16. b5 Be8 17. Rfd1 axb5 18. cxb5 Qa8 19. Nc2 Rc8 20. Bf2 Nc4 21. Bxc4
Rxc4 22. Ne3 Rc8 23. Ncd5 Rxc1 24. Rxc1 Bxb5 25. Nxe7+ Kh8 26. Qxd6 Rd8 27. Qb4
Qa4 28. Qc5 Ng8 29. N7d5 Bc6 30. Nc3 Qa8 31. Ned5 Qb8 32. Bd4 f6 33. Nb4 Bf8
34. Qc4 Qd6 35. Nxc6 bxc6 36. Ne2 Rc8 37. Bc5 Qd8 38. Bxf8 Qxf8 39. Nd4 Qd6 40.
a4 Qf4 41. Qc3 Qb8 42. Qc5 Qb2 43. a5 Qd2 44. h3 Qe3+ 45. Kh1 Qd2 46. a6 Rb8
47. a7 Rb2 48. Rg1 Ra2 49. Nxc6 Rc2 50. Qxc2 Qxc2 51. a8=Q Qc5 52. Qe8 Kg7 53.
Nd8 1-0

[Event "FRA-chT2 0910"]
[Site "France"]
[Date "2009.10.18"]
[Round "3.8"]
[White "Billard, Isabelle"]
[Black "Hourlier, Claire"]
[Result "0-1"]
[WhiteElo "1432"]
[BlackElo "1928"]
[PlyCount "72"]
[EventDate "2009.09.27"]
[EventType "team"]
[EventRounds "11"]
[EventCountry "FRA"]
[Source "ChessBase"]
[SourceDate "2010.03.11"]

1. e4 c5 2. Nc3 Nc6 3. Bb5 e6 4. Nf3 Qc7 5. O-O Nf6 6. d3 Be7 7. Bg5 O-O 8.
Bxc6 dxc6 9. Qe2 e5 10. h3 Nh5 11. Kh2 Bxg5 12. Nxg5 Nf4 13. Qe3 Qe7 14. Nf3 b6
15. Ne2 Ng6 16. Ng3 Qd7 17. Nf5 Qc7 18. Kh1 Nf4 19. Ng1 Qd8 20. Qg3 Qf6 21. Ne3
h5 22. b3 Re8 23. Rae1 Bd7 24. Ne2 Rad8 25. Qf3 Qg5 26. Nxf4 exf4 27. Nc4 Re6
28. Rg1 Rh6 29. e5 Qh4 30. Nd6 g5 31. Re4 Bg4 32. Qxg4 hxg4 33. Nf5 Qh5 34.
Nxh6+ Qxh6 35. Kh2 Rd4 36. Rge1 Qh4 0-1

[Event "FRA-chT2 0910"]
[Site "France"]
[Date "2009.10.18"]
[Round "3.8"]
[White "Bollet, Marie Ange"]
[Black "Coignet, Jean Francis"]
[Result "0-1"]
[WhiteElo "1499"]
[BlackElo "1818"]
[PlyCount "124"]
[EventDate "2009.09.27"]
[EventType "team"]
[EventRounds "11"]
[EventCountry "FRA"]
[Source "ChessBase"]
[SourceDate "2010.03.11"]

1. d4 Nf6 2. Nf3 d5 3. Bf4 e6 4. e3 c5 5. Nc3 a6 6. h3 c4 7. Be2 Bb4 8. O-O
Bxc3 9. bxc3 Ne4 10. Qe1 Qa5 11. Be5 O-O 12. Bf4 Qxc3 13. Qd1 Qa3 14. Nd2 Nc3
15. Qe1 Qb2 16. Bg4 Qxc2 17. Rc1 Qb2 18. Nxc4 dxc4 19. Rxc3 Qxa2 20. Be2 b5 21.
Bf3 Nd7 22. Bxa8 Nb6 23. Be4 b4 24. Bd6 bxc3 25. Bxf8 Kxf8 26. Qxc3 Nd5 27.
Bxd5 exd5 28. Qb4+ Ke8 29. Qb8 Kd7 30. Qa7+ Ke6 31. Qb6+ Kf5 32. g4+ Ke4 33.
Qd8 Be6 34. Qg5 c3 35. Rd1 Kf3 36. Qf4+ Ke2 37. Rf1 c2 38. e4 Qb3 39. Rc1 Kd3
40. Qe3+ Kc4 41. Qd2 Qb1 42. Kh2 Kb3 43. Re1 Qb2 44. Re3+ Ka2 45. Rc3 Kb1 46.
Qd3 Qxc3 47. Qxc3 c1=Q 48. Qb4+ Qb2 49. Qe1+ Ka2 50. Qe3 a5 51. Kg3 Qb3 52. Kf4
Qxe3+ 53. Kxe3 a4 54. f4 dxe4 55. Kxe4 Kb3 56. d5 a3 57. g5 a2 58. Kd3 a1=Q 59.
Ke4 Qa7 60. dxe6 Kc4 61. Ke5 Qe3+ 62. Kf5 Qxe6# 0-1

[Event "FRA-chT2 0910"]
[Site "France"]
[Date "2009.10.18"]
[Round "3.8"]
[White "Cassam Chenai, Eric"]
[Black "Maury, Claude"]
[Result "1-0"]
[WhiteElo "1903"]
[BlackElo "1861"]
[PlyCount "85"]
[EventDate "2009.09.27"]
[EventType "team"]
[EventRounds "11"]
[EventCountry "FRA"]
[Source "ChessBase"]
[SourceDate "2010.03.11"]

1. e4 e6 2. Nf3 d5 3. e5 c5 4. b4 cxb4 5. a3 Nc6 6. axb4 Bxb4 7. c3 Be7 8. d4
Qc7 9. Bd3 Bd7 10. h4 f6 11. Bf4 Qb6 12. Qc2 f5 13. g4 fxg4 14. Ng5 O-O-O 15.
Nf7 Rf8 16. Nxh8 Rxf4 17. Bxh7 Nh6 18. Ng6 Re4+ 19. Kf1 Nf5 20. Nd2 Re3 21.
Nxe7+ Ncxe7 22. Bxf5 Nxf5 23. Kg2 Qd8 24. Rxa7 Qb6 25. Ra8+ Kc7 26. Rb1 Qc6 27.
Ra7 Bc8 28. Rc1 Kb8 29. Ra2 Nxh4+ 30. Kg1 Rh3 31. Qa4 Qxa4 32. Rxa4 Rd3 33. Nb3
Nf3+ 34. Kf1 Ng5 35. Nc5 Rh3 36. Kg2 Nf3 37. Rh1 Rxh1 38. Kxh1 b6 39. Na6+ Kb7
40. Nb4 Bd7 41. Ra3 Bb5 42. Nc2 Ne1 43. Nxe1 1-0

[Event "FRA-chT2 0910"]
[Site "France"]
[Date "2009.10.18"]
[Round "3.8"]
[White "Criqui, Laurence"]
[Black "Dalicieux, Amandine"]
[Result "1/2-1/2"]
[WhiteElo "1640"]
[BlackElo "1330"]
[PlyCount "82"]
[EventDate "2009.09.27"]
[EventType "team"]
[EventRounds "11"]
[EventCountry "FRA"]
[Source "ChessBase"]
[SourceDate "2010.03.11"]

1. e4 c5 2. c3 Nc6 3. d4 e6 4. Nf3 Nf6 5. e5 Ne4 6. Bd3 f5 7. Bxe4 fxe4 8. Ng5
g6 9. Nxe4 cxd4 10. Nf6+ Kf7 11. cxd4 Qa5+ 12. Nc3 Bb4 13. Qd3 Nxe5 14. dxe5
Qxe5+ 15. Nfe4 d5 16. O-O dxe4 17. Nxe4 Rf8 18. Bh6 Re8 19. Qf3+ Qf5 20. Ng5+
Kg8 21. Qb3 Bf8 22. Bxf8 Rxf8 23. Nf3 b6 24. Rfe1 h5 25. Re5 Qf6 26. Qe3 Bd7
27. Re1 Rae8 28. Ng5 Qf4 29. Nxe6 Bxe6 30. Rxe6 Rxe6 31. Qxe6+ Rf7 32. Qxg6+
Kf8 33. Qg3 Qd2 34. Qb8+ Kg7 35. Qe5+ Rf6 36. Qe3 Qxb2 37. Qe7+ Kg6 38. Qe4+
Kg7 39. Qe7+ Kg6 40. Qe4+ Kg7 41. Qe7+ Kg6 1/2-1/2

[Event "FRA-chT2 0910"]
[Site "France"]
[Date "2009.10.18"]
[Round "3.8"]
[White "Doucet, Antoine"]
[Black "Le Bail, Arielle"]
[Result "0-1"]
[WhiteElo "1791"]
[BlackElo "1852"]
[PlyCount "60"]
[EventDate "2009.09.27"]
[EventType "team"]
[EventRounds "11"]
[EventCountry "FRA"]
[Source "ChessBase"]
[SourceDate "2010.03.11"]

1. e4 e6 2. d4 d5 3. Nd2 c5 4. c3 b6 5. g3 Bb7 6. e5 Nc6 7. Ne2 Rc8 8. Bg2 Nge7
9. O-O cxd4 10. cxd4 Nf5 11. Nf3 Be7 12. Bd2 O-O 13. Bc3 b5 14. Qd3 Qb6 15. a3
a5 16. Rfb1 b4 17. axb4 axb4 18. Bd2 Na5 19. Be3 Ba6 20. Qd1 Rc6 21. g4 Nxe3
22. fxe3 Rfc8 23. Ne1 Nc4 24. Kf2 Bg5 25. Nf4 Nxe5 26. dxe5 Bxf4 27. Qd2 Rc2
28. Nxc2 Rxc2 29. Rxa6 Rxd2+ 30. Ke1 Qxe3+ 0-1

[Event "FRA-chT2 0910"]
[Site "France"]
[Date "2009.10.18"]
[Round "3.8"]
[White "Joguet, Myriam"]
[Black "Monpeurt, Cyrielle"]
[Result "1/2-1/2"]
[WhiteElo "1773"]
[BlackElo "1818"]
[PlyCount "133"]
[EventDate "2009.09.27"]
[EventType "team"]
[EventRounds "11"]
[EventCountry "FRA"]
[Source "ChessBase"]
[SourceDate "2010.03.11"]

1. Nf3 f5 2. d4 Nf6 3. c4 g6 4. Nc3 Bg7 5. e3 O-O 6. Bd3 d6 7. O-O Qe8 8. e4
fxe4 9. Nxe4 Nc6 10. d5 Nb4 11. Nxf6+ Rxf6 12. Be4 Bd7 13. a3 Na6 14. Rb1 Nc5
15. Bc2 Bg4 16. b4 Nd7 17. Bd3 Ne5 18. Be2 Bxf3 19. gxf3 c6 20. f4 Nd7 21. Bg4
Nb6 22. Be6+ Kh8 23. Qc2 Rd8 24. Rb3 Na8 25. Qe4 Nc7 26. Bb2 Rf8 27. Bxg7+ Kxg7
28. Bh3 cxd5 29. cxd5 Qf7 30. Rg3 Nxd5 31. Be6 Nf6 32. Qe2 Qe8 33. f5 Kh8 34.
fxg6 hxg6 35. Qd3 Kh7 36. Rh3+ Kg7 37. Re1 Rh8 38. Ree3 Rh5 39. Reg3 Rxh3 40.
Rxh3 Qc6 41. Rg3 Qe4 42. Bf5 Qxd3 43. Rxg6+ Kf7 44. Bxd3 Rc8 45. Rg3 Rc1+ 46.
Kg2 e5 47. Bg6+ Ke6 48. h4 Rc8 49. Bd3 d5 50. Kf1 e4 51. Be2 Rg8 52. Rh3 Rh8
53. Rc3 Kd6 54. Rh3 Nh5 55. Bxh5 Rxh5 56. Ke2 d4 57. Kd2 Ke5 58. Rg3 Rxh4 59.
Rg7 Rh2 60. Ke1 d3 61. Rxb7 Kd4 62. Rxa7 Kc3 63. Rc7+ Kb3 64. b5 Kxa3 65. b6
Rh1+ 66. Kd2 Rb1 67. b7 1/2-1/2

[Event "FRA-chT2 0910"]
[Site "France"]
[Date "2009.10.18"]
[Round "3.8"]
[White "L'Huillier, Helene"]
[Black "Vinckier, Delphine"]
[Result "1/2-1/2"]
[WhiteElo "1937"]
[BlackElo "1801"]
[PlyCount "83"]
[EventDate "2009.09.27"]
[EventType "team"]
[EventRounds "11"]
[EventCountry "FRA"]
[Source "ChessBase"]
[SourceDate "2010.03.11"]

1. d4 e6 2. Nf3 Nf6 3. Bg5 Be7 4. e3 b6 5. Bd3 Bb7 6. O-O d6 7. c3 Nbd7 8. Nbd2
Nd5 9. Bxe7 Nxe7 10. e4 O-O 11. Ng5 h6 12. Nh3 f5 13. exf5 Nxf5 14. Be4 Bxe4
15. Nxe4 Nf6 16. Qe2 c5 17. Nxc5 Nxd4 18. cxd4 dxc5 19. Qxe6+ Kh8 20. dxc5 Re8
21. Qd6 Qxd6 22. cxd6 Rad8 23. Nf4 Rxd6 24. Rfd1 Red8 25. Rxd6 Rxd6 26. g3 Kg8
27. Rc1 Rd7 28. Rc8+ Kf7 29. b3 Ne4 30. Rc2 Nf6 31. Kg2 g5 32. Ne2 Rd6 33. f4
Kg6 34. fxg5 hxg5 35. Ng1 Ng4 36. Kf3 Kf5 37. Re2 Rd3+ 38. Kg2 Ne3+ 39. Kf2
Nd1+ 40. Kg2 Ne3+ 41. Kf2 Nd1+ 42. Kg2 1/2-1/2

[Event "FRA-chT2 0910"]
[Site "France"]
[Date "2009.10.18"]
[Round "3.8"]
[White "Le Du, Michel"]
[Black "Jolly, Marie"]
[Result "1-0"]
[WhiteElo "1932"]
[BlackElo "1714"]
[PlyCount "83"]
[EventDate "2009.09.27"]
[EventType "team"]
[EventRounds "11"]
[EventCountry "FRA"]
[Source "ChessBase"]
[SourceDate "2010.03.11"]

1. e4 e6 2. d4 d5 3. Nd2 Nf6 4. e5 Nfd7 5. Bd3 c5 6. c3 Nc6 7. Ne2 Qb6 8. Nf3
Be7 9. O-O O-O 10. a3 cxd4 11. cxd4 Re8 12. b4 f6 13. exf6 Bxf6 14. Be3 Qd8 15.
Qc2 Nf8 16. Rac1 Bd7 17. Qd2 a6 18. Ng3 g6 19. Bb1 Na7 20. Bf4 Bb5 21. Rfe1 Bc4
22. Ne5 b5 23. Ng4 Bg7 24. Nh6+ Bxh6 25. Bxh6 Qd7 26. Re3 Re7 27. Rce1 Rae8 28.
f4 Nc6 29. Bg5 Rf7 30. f5 Qd6 31. Rf3 e5 32. fxg6 hxg6 33. Rxf7 Kxf7 34. Qf2+
Kg7 35. dxe5 Rxe5 36. Rxe5 Qxe5 37. Bf4 Qd4 38. Qxd4+ Nxd4 39. Be5+ Kf7 40.
Bxd4 Ne6 41. Be3 d4 42. Bd2 1-0

[Event "FRA-chT2 0910"]
[Site "France"]
[Date "2009.10.18"]
[Round "3.8"]
[White "Marchadour, Claire"]
[Black "Auvray, Juliette"]
[Result "0-1"]
[WhiteElo "2073"]
[BlackElo "1961"]
[PlyCount "98"]
[EventDate "2009.09.27"]
[EventType "team"]
[EventRounds "11"]
[EventCountry "FRA"]
[Source "ChessBase"]
[SourceDate "2010.03.11"]

1. e4 c6 2. d4 d5 3. Nc3 dxe4 4. Nxe4 Nd7 5. f4 Ngf6 6. Nxf6+ Nxf6 7. Nf3 Bg4
8. Be2 e6 9. c3 Bd6 10. Ne5 Bxe2 11. Qxe2 Qc7 12. Bd2 O-O-O 13. O-O-O Rhe8 14.
Rhf1 Nd5 15. Qh5 f6 16. Nf7 g6 17. Nxd6+ Rxd6 18. Qh3 f5 19. c4 Nf6 20. Bb4 Rd7
21. Qa3 b6 22. Qf3 Ne4 23. Rfe1 Qd8 24. Bc3 Kc7 25. g4 Qh4 26. gxf5 exf5 27. d5
Nxc3 28. Rxe8 Nxd1 29. Kxd1 Qg4 30. Qxg4 fxg4 31. Re5 cxd5 32. cxd5 Rf7 33. Ke2
Rxf4 34. Re7+ Kd6 35. Rxa7 h5 36. Rb7 Rb4 37. b3 Kxd5 38. Kd3 Kc6 39. Rg7 Rf4
40. Rxg6+ Kc7 41. Rh6 Rf3+ 42. Kc4 Rh3 43. Kb5 Rxh2 44. a4 g3 45. Rg6 h4 46.
Rg7+ Kd6 47. Rg4 g2 48. Kxb6 h3 49. b4 Rh1 0-1

[Event "FRA-chT2 0910"]
[Site "France"]
[Date "2009.10.18"]
[Round "3.8"]
[White "Mourot, Clara"]
[Black "Graeber, Fabien"]
[Result "1-0"]
[WhiteElo "1980"]
[BlackElo "2127"]
[PlyCount "97"]
[EventDate "2009.09.27"]
[EventType "team"]
[EventRounds "11"]
[EventCountry "FRA"]
[Source "ChessBase"]
[SourceDate "2010.03.11"]

1. d4 d5 2. c4 c6 3. Nc3 Nf6 4. Bf4 e6 5. e3 Nbd7 6. Nf3 Be7 7. Qc2 O-O 8. cxd5
exd5 9. Bd3 Re8 10. g4 Nf8 11. h3 Ng6 12. O-O-O a5 13. Ne5 Nd7 14. Rdg1 a4 15.
h4 Ndxe5 16. dxe5 d4 17. Ne4 Be6 18. Kb1 Qd5 19. a3 Ra5 20. h5 Nf8 21. exd4
Qxd4 22. Bd2 Raa8 23. Bc3 Qd5 24. g5 Red8 25. Rg3 Bxg5 26. Rxg5 Qxd3 27. Qxd3
Rxd3 28. Rhg1 g6 29. hxg6 fxg6 30. f4 Rad8 31. Nd6 Bb3 32. f5 h6 33. R5g3 Rxg3
34. Rxg3 g5 35. Rd3 Bd5 36. Kc1 g4 37. Bb4 h5 38. e6 Nxe6 39. fxe6 Bxe6 40. Re3
Bb3 41. Re8+ Rxe8 42. Nxe8 Bf7 43. Nd6 b5 44. Be1 Be6 45. Kd2 Kg7 46. Ke3 Kg6
47. Kf4 Bd5 48. Nf5 Bg2 49. Nh4+ 1-0

[Event "FRA-chT2 0910"]
[Site "France"]
[Date "2009.10.18"]
[Round "3.8"]
[White "Ortego Lopez, Adrian"]
[Black "Gaudineau, Gilles"]
[Result "0-1"]
[WhiteElo "1873"]
[BlackElo "2070"]
[PlyCount "76"]
[EventDate "2009.09.27"]
[EventType "team"]
[EventRounds "11"]
[EventCountry "FRA"]
[Source "ChessBase"]
[SourceDate "2010.03.11"]

1. e4 e5 2. d4 exd4 3. Nf3 Bc5 4. Bc4 c6 5. O-O d5 6. exd5 cxd5 7. Bb5+ Bd7 8.
Nxd4 Bxb5 9. Nxb5 Ne7 10. Bf4 Na6 11. Bg5 O-O 12. N1c3 f6 13. Bf4 Qd7 14. Nd4
Ng6 15. Be3 Rad8 16. Nce2 Rfe8 17. Nf4 Ne5 18. Nd3 Bb6 19. Nf4 Nc4 20. Bc1 Re4
21. Nde2 Bc7 22. b3 Nb6 23. Ng3 Rxf4 24. Bxf4 Bxf4 25. Qf3 Be5 26. Rad1 Qc6 27.
Qg4 Bxg3 28. Qxg3 Qxc2 29. Rfe1 Qc7 30. Qg4 Qf7 31. Re2 Nb8 32. Rde1 Nc6 33. a4
Qg6 34. Qe6+ Qf7 35. Qg4 a5 36. Re6 Nc8 37. R1e3 Ne5 38. Qh4 Qxe6 0-1

[Event "FRA-chT2 0910"]
[Site "France"]
[Date "2009.10.18"]
[Round "3.8"]
[White "Pays, Natacha"]
[Black "Millet, Maud"]
[Result "0-1"]
[WhiteElo "1500"]
[BlackElo "1960"]
[PlyCount "74"]
[EventDate "2009.09.27"]
[EventType "team"]
[EventRounds "11"]
[EventCountry "FRA"]
[Source "ChessBase"]
[SourceDate "2010.03.11"]

1. e4 e5 2. Nf3 Nc6 3. Bc4 Be7 4. Nc3 Nf6 5. d3 O-O 6. O-O d6 7. h3 Na5 8. Nd2
c6 9. a3 Nxc4 10. Nxc4 Qc7 11. f4 b5 12. fxe5 dxe5 13. Ne3 g6 14. Qf3 Be6 15.
Ned1 Ne8 16. Bh6 Ng7 17. Ne3 f6 18. Rf2 Rf7 19. Raf1 Raf8 20. Ng4 Bxg4 21. Qxg4
Bc5 22. Nd1 Bxf2+ 23. Rxf2 a5 24. Bd2 Re8 25. Qh4 Ref8 26. Ne3 f5 27. exf5 Nxf5
28. Qe4 Nxe3 29. Bxe3 Rxf2 30. Bxf2 Qd6 31. Be1 Rf4 32. Qe2 b4 33. a4 Qd4+ 34.
Bf2 Qxb2 35. Bb6 b3 36. Bxa5 bxc2 37. Bd2 c1=Q+ 0-1

[Event "FRA-chT2 0910"]
[Site "France"]
[Date "2009.10.18"]
[Round "3.8"]
[White "Rascle, Adeline"]
[Black "Salerno, Marie Helene"]
[Result "1-0"]
[WhiteElo "1576"]
[BlackElo "1910"]
[PlyCount "73"]
[EventDate "2009.09.27"]
[EventType "team"]
[EventRounds "11"]
[EventCountry "FRA"]
[Source "ChessBase"]
[SourceDate "2010.03.11"]

1. e4 c5 2. Nf3 g6 3. Bc4 e6 4. Nc3 Bg7 5. Bb3 a6 6. Ne2 d5 7. exd5 exd5 8. c3
Nf6 9. d4 c4 10. Bc2 O-O 11. O-O Bg4 12. Ng3 Nbd7 13. h3 Bh5 14. Bg5 Qc7 15.
Nxh5 Nxh5 16. Qd2 f6 17. Be3 f5 18. Ng5 Rae8 19. Qc1 Ndf6 20. Nf3 Ne4 21. Bh6
f4 22. Bxg7 Qxg7 23. Re1 g5 24. Nd2 Nhf6 25. f3 Ng3 26. b3 Rxe1+ 27. Qxe1 Re8
28. Qc1 b5 29. Qa3 Ne2+ 30. Kf2 Nxc3 31. Re1 Rxe1 32. Kxe1 Qf7 33. bxc4 Qe6+
34. Ne4 Ncxe4 35. fxe4 Nxe4 36. cxd5 Qxd5 37. Bb3 1-0

[Event "FRA-chT2 0910"]
[Site "France"]
[Date "2009.10.18"]
[Round "3.8"]
[White "Regniez, Alexiane"]
[Black "Miller, Sophie"]
[Result "0-1"]
[WhiteElo "1659"]
[BlackElo "1810"]
[PlyCount "130"]
[EventDate "2009.09.27"]
[EventType "team"]
[EventRounds "11"]
[EventCountry "FRA"]
[Source "ChessBase"]
[SourceDate "2010.03.11"]

1. c4 d5 2. cxd5 Qxd5 3. Nc3 Qa5 4. g3 Nf6 5. Bg2 c6 6. Nf3 Bf5 7. O-O e6 8. d3
Be7 9. Qb3 Qc7 10. Bf4 Qc8 11. Rfc1 O-O 12. a4 Nd5 13. Nxd5 exd5 14. d4 Nd7 15.
Rc3 Nf6 16. Nd2 Re8 17. Be5 Be6 18. Bxf6 Bxf6 19. e3 Qd7 20. a5 Rab8 21. Qa2
Bh3 22. Nb3 Be7 23. Nc5 Bxc5 24. Rxc5 Bxg2 25. Kxg2 Re6 26. b4 Rh6 27. h4 Rd6
28. Qa4 g6 29. b5 cxb5 30. Qxb5 Qxb5 31. Rxb5 a6 32. Rc5 Rd7 33. Rac1 Kf8 34.
Kf3 Ke7 35. Kf4 h6 36. Ke5 f6+ 37. Kf4 Ke6 38. Rb1 Rd6 39. Rc7 Rd7 40. Rb6+ Rd6
41. Rcxb7 Rxb7 42. Rxb7 Rd7 43. Rb6+ Rd6 44. g4 Rxb6 45. axb6 Kd6 46. g5 hxg5+
47. hxg5 fxg5+ 48. Kxg5 a5 49. Kxg6 a4 50. f4 a3 51. b7 Kc7 52. f5 a2 53. f6
a1=Q 54. f7 Qg1+ 55. Kf6 Qf2+ 56. Kg7 Qg3+ 57. Kf6 Qh4+ 58. Kg6 Qe7 59. Kg7
Kxb7 60. Kg8 Qg5+ 61. Kh7 Qf6 62. Kg8 Qg6+ 63. Kf8 Kc7 64. Ke7 Qd6+ 65. Ke8
Qd8# 0-1

[Event "FRA-chT2 0910"]
[Site "France"]
[Date "2009.10.18"]
[Round "3.8"]
[White "Roger, Juliette"]
[Black "Alarcon, Eric"]
[Result "0-1"]
[WhiteElo "1538"]
[BlackElo "1970"]
[PlyCount "116"]
[EventDate "2009.09.27"]
[EventType "team"]
[EventRounds "11"]
[EventCountry "FRA"]
[Source "ChessBase"]
[SourceDate "2010.03.11"]

1. e4 c5 2. d4 cxd4 3. c3 Nf6 4. e5 Nd5 5. cxd4 d6 6. Bc4 Nb6 7. Bb3 dxe5 8.
dxe5 Qxd1+ 9. Bxd1 Nc6 10. Nf3 Bg4 11. Bf4 e6 12. O-O Be7 13. Nc3 O-O 14. h3
Bf5 15. Bb3 Rfd8 16. Rfd1 Rac8 17. Nb5 Be4 18. Nfd4 Nxd4 19. Nxd4 Nd5 20. Bg3
a6 21. Ne2 Bc2 22. Rdc1 Bxb3 23. axb3 h6 24. Rxc8 Rxc8 25. Rc1 Rxc1+ 26. Nxc1
Nb4 27. Kf1 Bg5 28. f4 Be7 29. Ke2 Kf8 30. Nd3 Nxd3 31. Kxd3 Ke8 32. Be1 Kd7
33. Kc4 h5 34. g4 hxg4 35. hxg4 g6 36. g5 b5+ 37. Kd3 Kc6 38. Bf2 Kd5 39. Be3
Bb4 40. Bf2 Be7 41. Be3 Bb4 42. Bf2 a5 43. Be3 a4 44. bxa4 bxa4 45. Bf2 Bc5 46.
Be1 Bd4 47. Bc3 Bxc3 48. Kxc3 Kc5 49. Kd3 Kb4 50. Kd4 Kb3 51. Kc5 Kxb2 52. Kd6
a3 53. Ke7 a2 54. Kxf7 a1=Q 55. Kxg6 Qb1+ 56. Kh6 Qf5 57. g6 Qxf4+ 58. Kh7 Qxe5
0-1